000
00307nam a2200145Ia 4500
100
_a
Mowbray/ Thomas J/ Malveau
942
_c
BK
654
_a
computer
245
_a
CORBA Design Patterns
260
_b
Wiley & Sons
_c
1997
082
_a
5.133
_b
MOW
300
_a
333
546
_a
ENGLISH
999
_c
24892
_d
24892